Southville International School and Colleges
Your cart is empty.
  • Cart
  • Lists
    Public lists Eva Luna New books Lux_list list_1
    Your lists Log in to create your own lists
  • Log in to your account
  • Your cookies
  • Search history
Southville International School and Colleges
  • Advanced search
  • Recent comments
  • Most popular
  • Libraries

Log in to your account

Log in with GOOGLE


If you do not have an external account, but do have a local account, you can still log in:

  1. Home
  2. MARC view: I can't sleep /
Normal view MARC view ISBD view

I can't sleep / (Record no. 102423)

[ view plain ]
MARC details
000 -LEADER
fixed length control field 005929111a2200181 4500
005 - DATE AND TIME OF LATEST TRANSACTION
control field 20140412111236.0
008 - FIXED-LENGTH DATA ELEMENTS--GENERAL INFORMATION
fixed length control field 140211s1995 xx 000 0 und d
020 ## - INTERNATIONAL STANDARD BOOK NUMBER
International Standard Book Number 0-8431-3994-3
050 ## - LIBRARY OF CONGRESS CALL NUMBER
Classification number ER
Item number Pu96Ic 1995
100 1# - MAIN ENTRY--PERSONAL NAME
Personal name Fujimoto, Michi
245 10 - TITLE STATEMENT
Title I can't sleep /
Statement of responsibility, etc written by Michi Fujimoto.
260 ## - PUBLICATION, DISTRIBUTION, ETC. (IMPRINT)
Place of publication, distribution, etc New York :
Name of publisher, distributor, etc Putnam & Grosset Group,
Date of publication, distribution, etc 1995.
300 ## - PHYSICAL DESCRIPTION
Extent 1 v. (unp.) ; ill.
440 #0 - SERIES STATEMENT/ADDED ENTRY--TITLE
Title The Puzzle Place
500 ## - GENERAL NOTE
General note Based on the teleplay, "Rip Van Winkle," by Ellis Weiner, Jennifer Bross, and David Yazbek.
650 #4 - SUBJECT ADDED ENTRY--TOPICAL TERM
Topical term or geographic name as entry element Children stories
General subdivision Fiction
Holdings
Withdrawn status Lost status Damaged status Use restrictions Home library Current library Shelving location Date acquired Source of acquisition Total Checkouts Full call number Barcode Date last seen Price effective from Koha item type
        Elizalde Library Elizalde Library Easy Reading Section 04/11/2002     ER Pu96Ic 1995 E1697 04/12/2014 04/12/2014 Books

I can't sleep /

APA

Fujimoto M., . (1995). I can't sleep. New York: Putnam & Grosset Group.

Chicago

Fujimoto Michi, . 1995. I can't sleep. New York: Putnam & Grosset Group.

Harvard

Fujimoto M., . (1995). I can't sleep. New York: Putnam & Grosset Group.

MLA

Fujimoto Michi, . I can't sleep. New York: Putnam & Grosset Group. 1995.

  • Place hold
  • Print
  • Cite
  • Add to your cart (remove)
  • Save record
    BIBTEX Dublin Core MARCXML MARC (non-Unicode/MARC-8) MARC (Unicode/UTF-8) MARC (Unicode/UTF-8, Standard) MODS (XML) RIS
  • More searches
    Search for this title in:
    Other Libraries (WorldCat) Other Databases (Google Scholar) Online Stores (Bookfinder.com) Open Library (openlibrary.org)

Exporting to Dublin Core...

SOUTHVILLE LIBRARY

Southville International School and Colleges Library

1281 Tropical Ave. Cor. Luxembourg St., BF Homes International, Las Pinas City

Tel. No. 8256374 / 252358 Loc. 117/146

Powered by Koha